|
|
|
|
| LEADER |
01219nam a22003137a 4500 |
| 003 |
OSt |
| 020 |
|
|
|a 9788172339708
|
| 082 |
|
|
|a 634.9
|b PAR/FO
|
| 100 |
|
|
|a Parthiban, K T
|
| 245 |
|
|
|a Forestry:
|b a subjective guide for IFS aspirants
|
| 260 |
|
|
|a Jodhpur
|b Competiion Tutor
|c 2016
|
| 300 |
|
|
|a xi, 621
|
| 546 |
|
|
|a English
|
| 650 |
|
|
|a Introduction forestry
|
| 650 |
|
|
|a Regeneration of trees
|
| 650 |
|
|
|a Tree nursery
|
| 650 |
|
|
|a Silvicultural system
|
| 650 |
|
|
|a Mangroves
|
| 650 |
|
|
|a Cold deserts
|
| 700 |
|
|
|a Jude Sudhakar, R
|
| 700 |
|
|
|a Umesh Kanna, S
|
| 700 |
|
|
|a Vennila, S
|
| 700 |
|
|
|a Sekar, I
|
| 700 |
|
|
|a Baranidharan, K
|
| 942 |
|
|
|2 ddc
|c BK
|
| 999 |
|
|
|c 155716
|d 155716
|
| 952 |
|
|
|0 0
|1 0
|2 ddc
|4 0
|6 CE_634_900000000000000_PARFO
|7 0
|8 Gen
|9 154794
|a KAUCLV
|b KAUCLV
|c GENERAL
|d 2017-06-14
|g 2450.00
|l 11
|m 1
|o CE 634.9 PAR/FO
|p 227363
|r 2020-01-03
|s 2020-01-03
|y BK
|
| 952 |
|
|
|0 0
|1 0
|2 ddc
|4 0
|6 CE_634_900000000000000_PARFO
|7 0
|8 Gen
|9 155848
|a KAUCLV
|b KAUCLV
|c GENERAL
|d 2017-07-18
|g 2450.00
|l 15
|o CE 634.9 PAR/FO
|p 226545
|r 2019-06-23
|s 2019-06-11
|y BK
|
| 952 |
|
|
|0 0
|1 0
|2 ddc
|4 0
|6 CE_634_900000000000000_PARFO
|7 0
|8 Gen
|9 159959
|a KAUCLV
|b KAUCLV
|c GENERAL
|d 2018-07-23
|o CE 634.9 PAR/FO
|p 228024
|r 2018-07-23
|w 2018-07-23
|y BK
|